Подробности
| 000 -МАРКЕР |
| контрольное поле |
04633nam0a2200457 4500 |
| 001 - ИДЕНТИФИКАТОР ЗАПИСИ |
| контрольное поле |
RU\NLR\BIBL_A\012776412 |
| 005 - ИДЕНТИФИКАТОР ВЕРСИИ |
| контрольное поле |
20260621030752.0 |
| 010 ## - МЕЖДУНАРОДНЫЙ СТАНДАРТНЫЙ НОМЕР КНИГИ (ISBN) |
| Номер (ISBN) |
978-5-4461-1466-5 |
| Тираж |
500 |
| 021 ## - НОМЕР ГОСУДАРСТВЕННОЙ РЕГИСТРАЦИИ |
| Код страны |
Российская Федерация |
| Номер |
КН-П-22-002787 |
| Номер Листа государственной регистраци |
КН-П-22-0209 |
| 035 ## - ДРУГИЕ СИСТЕМНЫЕ НОМЕРА |
| Идентификатор записи |
(NLR Aleph) 012776412 |
| 035 ## - ДРУГИЕ СИСТЕМНЫЕ НОМЕРА |
| Идентификатор записи |
(RuMoRGB)010963033 |
| 100 ## - ДАННЫЕ ОБЩЕЙ ОБРАБОТКИ |
| Данные общей обработки |
20220429d2022 u y0rusy50 ca |
| 101 0# - ЯЗЫК РЕСУРСА |
| Язык текста, звукозаписи и т.д. |
русский |
| 102 ## - СТРАНА ПУБЛИКАЦИИ ИЛИ ПРОИЗВОДСТВА |
| Страна публикации |
Российская Федерация |
| 105 ## - ПОЛЕ КОДИРОВАННЫХ ДАННЫХ: ТЕКСТОВЫЕ МАТЕРИАЛЫ, МОНОГРАФИЧЕСКИЕ |
| Кодированные данные о монографическом текстовом документе |
a|||j|||000zy |
| 181 #0 - ПОЛЕ КОДИРОВАННЫХ ДАННЫХ: ВИД СОДЕРЖАНИЯ |
| Код вида содержания (ISBD) |
i3 |
| Код характеристики содержания (ISBD) |
axxe |
| 182 #0 - ПОЛЕ КОДИРОВАННЫХ ДАННЫХ: ТИП СРЕДСТВА |
| Код типа средства (ISBD) |
n - непосредственное |
| 200 1# - ЗАГЛАВИЕ И СВЕДЕНИЯ ОБ ОТВЕТСТВЕННОСТИ |
| Основное заглавие |
Детская психиатрия, психотерапия и медицинская психология |
| Сведения, относящиеся к заглавию |
учебник для вузов |
| Первые сведения об ответственности |
[Александрова Н. В. - врач-психиатр, психотерапевт высш. категории, Васильева Н. Л. - д-р психол. наук, проф., Городнова М. Ю. - д-р мед. наук, доц., проф., врач-психотерапевт высш. категории, гештальт-терапевт и др.] |
| Последующие сведения об ответственности |
под редакцией Э. Г. Эйдемиллера [и др.] |
| 203 ## - ВИД СОДЕРЖАНИЯ И ТИП СРЕДСТВА |
| Вид содержания |
Текст |
| Дополнительные сведения об издании |
визуальный |
| Тип средства |
непосредственный |
| 210 ## - ПУБЛИКАЦИЯ, РАСПРОСТРАНЕНИЕ И ДР. |
| Место издания, распространения и т.д. |
Санкт-Петербург [и др.] |
| Имя издателя, распространителя и т. д. |
Питер |
| -- |
Прогресс книга |
| Дата издания, распространения и т.д. |
2022 |
| 215 ## - ФИЗИЧЕСКАЯ ХАРАКТЕРИСТИКА |
| Специфическое обозначение материала и объем |
719 с., [6] л. ил., цв. ил. |
| Другие сведения о физической характеристике |
ил. |
| Размеры |
24 |
| 225 1# - СЕРИЯ |
| Основное заглавие серии |
Учебник для вузов |
| 225 1# - СЕРИЯ |
| Основное заглавие серии |
Стандарт третьего поколения |
| 300 ## - ОБЩИЕ ПРИМЕЧАНИЯ |
| Текст примечания |
Авт. указаны на с. 718-719 |
| 320 ## - ПРИМЕЧАНИЯ О НАЛИЧИИ В ДОКУМЕНТЕ БИБЛИОГРАФИИ / УКАЗАТЕЛЯ |
| Текст примечания |
Библиогр.: с. 706-717 (161 назв.) и в конце гл. |
| 330 ## - РЕЗЮМЕ ИЛИ РЕФЕРАТ |
| Текст примечания |
Данный учебник является уникальным. До настоящего времени в России существовали только монотематические учебники - психиатрии, с минимальным описанием психотерапии и медицинской психологии. Построение этого учебника осуществляется на принципе интеграции. Специфика нервно-психических расстройств у детей, "аномальное" поведение", часто может ошибочно расцениваться специалистами как патология, а на самом деле - это может быть особенностью нормального функционирования на разных этапах онтогенеза. Поэтому помогающему специалисту - детскому психиатру, психотерапевту и медицинскому психологу необходимо изучать психику детей в норме и патологии по интегративным медико-психологическим руководствам. В учебнике описаны современные теории: новые версии психоанализа, в частности нейропсихоанализ, новая трактовка психологии отношений В. Н. Мясищева, системный подход, теории поля, акторно-сетевая теория Бруно Латура. В теоретической части приведены новые данные о генезе невротических расстройств, шизофрении, синдроме дефицита внимания и др |
| 333 ## - ПРИМЕЧАНИЯ ОБ ОСОБЕННОСТЯХ РАСПРОСТРАНЕНИЯ И ИСПОЛЬЗОВАНИЯ |
| Текст примечания |
16+ |
| 606 1# - НАИМЕНОВАНИЕ ТЕМЫ КАК ПРЕДМЕТ |
| Наименование темы |
Психотерапия детская |
| Формальный подзаголовок |
Учебники для высших учебных заведений |
| Системный номер авторитетной/нормативной записи |
2494408 |
| Идентификатор авторитетной/нормативной записи |
RU\NLR\AUTH\661479828 |
| 606 1# - НАИМЕНОВАНИЕ ТЕМЫ КАК ПРЕДМЕТ |
| Наименование темы |
Психиатрия детская |
| Формальный подзаголовок |
Учебники для высших учебных заведений |
| Системный номер авторитетной/нормативной записи |
2286016 |
| Идентификатор авторитетной/нормативной записи |
RU\NLR\AUTH\6601597215 |
| 686 1# - ИНДЕКСЫ ДРУГИХ КЛАССИФИКАЦИЙ |
| Индекс |
Р733.64я73-1 |
| 686 1# - ИНДЕКСЫ ДРУГИХ КЛАССИФИКАЦИЙ |
| Индекс |
Р733-57я73-1 |
| 686 1# - ИНДЕКСЫ ДРУГИХ КЛАССИФИКАЦИЙ |
| Индекс |
Ю948.1-82-734я73 |
| 701 #1 - ИМЯ ЛИЦА - АЛЬТЕРНАТИВНАЯ ОТВЕТСТВЕННОСТЬ |
| Графика поля |
Кириллица |
| Материалы, к которым относится поле |
rus |
| Начальный элемент ввода |
Александрова |
| Часть имени, кроме начального элемента ввода |
Н. В. |
| Дополнения к именам, кроме дат |
врач-психиатр, психотерапевт |
| Расширение инициалов личного имени |
Нина Викторовна |
| Идентификатор авторитетной/нормативной записи |
RU\NLR\AUTH\7750732 |
| Системный номер авторитетной/нормативной записи |
33666 |
| 701 #1 - ИМЯ ЛИЦА - АЛЬТЕРНАТИВНАЯ ОТВЕТСТВЕННОСТЬ |
| Графика поля |
Кириллица |
| Материалы, к которым относится поле |
rus |
| Начальный элемент ввода |
Васильева |
| Часть имени, кроме начального элемента ввода |
Н. Л. |
| Дополнения к именам, кроме дат |
д-р. психол. наук |
| Даты |
1958- |
| Расширение инициалов личного имени |
Нина Леонидовна |
| Системный номер авторитетной/нормативной записи |
33797 |
| Идентификатор авторитетной/нормативной записи |
RU\NLR\AUTH\7750863 |
| 701 #1 - ИМЯ ЛИЦА - АЛЬТЕРНАТИВНАЯ ОТВЕТСТВЕННОСТЬ |
| Начальный элемент ввода |
Городнова |
| Часть имени, кроме начального элемента ввода |
М. Ю. |
| Расширение инициалов личного имени |
Марина Юрьевна |
| 702 #1 - ИМЯ ЛИЦА - ВТОРИЧНАЯ ОТВЕТСТВЕННОСТЬ |
| Код отношения |
Редактор |
| Графика поля |
Кириллица |
| Материалы, к которым относится поле |
rus |
| Начальный элемент ввода |
Эйдемиллер |
| Часть имени, кроме начального элемента ввода |
Э. Г. |
| Расширение инициалов личного имени |
Эдмонд Георгиевич |
| Системный номер авторитетной/нормативной записи |
33668 |
| Идентификатор авторитетной/нормативной записи |
RU\NLR\AUTH\7750734 |
| 942 ## - ДОПОЛНИТЕЛЬНЫЕ ЭЛЕМЕНТЫ ЗАПИСИ (АБИС) |
| Тип экземпляра АБИС |
Книга |
| 980 ## - КОЛЛЕКЦИЯ |
| Название коллекции |
Национальная библиография |